Responses for show #3162 - Tuesday, May 5, 1998

1998 College Championship quarterfinal game 2.
From Zellerbach Auditorium at the University of California-Berkeley.

Contestants

[<< previous game]

Kristen Page, a junior at Mary Washington College from Vienna, Virginia

Sub Stockman, a freshman at the University of Pennsylvania from Alma, Missouri

Leslie Cooper, a sophomore at the University of Southern California from Inglewood, California

[next game >>]

Jeopardy! Round responses

NAME THAT COUNTRY
JEOPARDY.COM
LARRYS, MOES & CURLYS
CLIFFS NOTES
(Alex: Something you're all familiar with... we'll give you the synopsis, you identify the work for me.)
POP MUSIC
COLLEGE WORDS
    $100 17
Denmark

Sub
    $100 12
URL (Uniform Resource Locator)

Sub
    $100 24
Larry Bird

Kristen
    $100 2
"The Old Man and the Sea"

Sub
    $100 1
Michael Jackson

Kristen
    $100 7
Gown

Leslie
    $200 18
Peru

Sub
    $200 21
Hit

Sub
    $200 25
Elizabeth Taylor

Leslie
    $200 3
"The Odyssey"

Sub
    $200 8
Dr. Dre

Leslie
    $200 13
Grade

Sub
    $300 19
Jamaica

Sub
    $300 23
Link

Leslie
    $300 26
Kenny G

Kristen
    $300 4
"Jane Eyre"

Kristen
    $300 9
Sarah McLachlan

Kristen
    $300 14
Diploma

Sub
    $400 20
Ivory Coast

Kristen
    $400 29
Browser

Sub
    $400 27
Shirley Temple

Kristen
    $400 5
(Sub: What is the dialogue of Socrates?)

the Republic

SubKristen
    $400 10
Arrested Development

Leslie
    $400 15
Infirmary

Triple Stumper
    $600 22
(S: What is...[time]?)

Jordan

Sub
    $500 30
Spam

Leslie
    $500 28
Moe's

Kristen
    $500 6
(Kristen: What is Dubliners?)

Ulysses

Kristen
Triple Stumper
    $500 11
"This Is How We Do It"

Leslie
    $500 16
Don

Sub

Scores at the first commercial break (after clue 13):

Leslie Sub Kristen
$1,200 $200 $600

Scores at the end of the Jeopardy! Round:

Leslie Sub Kristen
$2,200 $1,600 $2,300

Double Jeopardy! Round responses

MEN OF SCIENCE
JEWISH HISTORY
NAGANO '98
FOR THE BIRDS
ACTORS & ACTRESSES
STRAIGHT "A"s
    $200 30
Freon

Leslie
    $200 18
Moors

Kristen
    $200 3
Women's Hockey Team

Kristen
    $200 6
Duck

Kristen
    $200 2
Drew Barrymore

Leslie
    $200 1
(L: What is spelling?)

Alphabet

LeslieKristen
    $400 29
Nylon

Sub
    $400 19
Ghetto

Sub
    $400 17
Luge

Kristen
    $400 13
(L: What is a macaw?)

Myna/mynah

LeslieSub
    $400 4
Sarah Michelle Gellar

Sub
    $400 5
Argyle

Leslie
    $600 28
Ice Age

Kristen
    $600 20
Buenos Aires

Kristen
    $600 23
Biathlon

Sub
    $600 14
Sapsucker

Triple Stumper
    $600 7
Val Kilmer

Sub
    $300 8
Apiary

Sub
    $800 27
(S: Who is Galileo?)

Edwin Hubble

Sub
Triple Stumper
    $800 21
Judah

Triple Stumper
    $800 24
Elvis Stojko

Kristen
    $800 15
(L: What is a partridge?)

Goose

Leslie
Triple Stumper
    $800 11
David Spade

Sub
    $800 9
(S: What is avian?)

Aquiline

Sub
Triple Stumper
    $800 26
(L: Who is Hippocrates?)

Archimedes

Leslie
    $1000 22
Zionist movement

Kristen
    $1000 25
(and we have a minute to go...)

Norway

Leslie
    $1000 16
Peregrine

Triple Stumper
    $1000 12
Matthew Broderick

Triple Stumper
    $1000 10
Athens

Triple Stumper

Scores at the end of the Double Jeopardy! Round:

Leslie Sub Kristen
$1,800 $3,900 $6,500

Final Jeopardy! Round responses

QUOTATIONS
LeslieWho is Lindberg?
$1,800
SubWho was Emerson
$3,900
KristenWho is Mark Twain?
$1,301
Mark Twain ("Life on the Mississippi")

Final scores:

Leslie Sub Kristen
$0 $0 $7,801
3rd place: $2,500 if eliminated 2nd place: $2,500 if eliminated Automatic semifinalist

Game dynamics:

Coryat scores:

Leslie Sub Kristen
$2,600 $4,800 $6,500
11 R,
4 W
(including 1 DD)
19 R
(including 1 DD),
4 W
(including 1 DD)
18 R,
1 W

Combined Coryat: $13,900

The J! Archive is created by fans, for fans. The Jeopardy! game show and all elements thereof, including but not limited to copyright and trademark thereto, are the property of Jeopardy Productions, Inc. and are protected under law. This website is not affiliated with, sponsored by, or operated by Jeopardy Productions, Inc. Join the discussion at JBoard.tv.